| Tag |
First Indicator |
Second Indicator |
Subfields |
| LEADER |
00000cam a2200000 i 4500 |
| 001 |
in00000026560 |
| 005 |
20151007062553.0 |
| 008 |
800613s1882 maucf 00110 eng d |
| 010 |
|
|
|a 04022484
|
| 035 |
|
|
|a (OCoLC)06416282
|
| 035 |
|
|
|9 AAD5241AM
|
| 040 |
|
|
|a PAT
|c PAT
|d TXA
|d UtOrBLW
|
| 049 |
|
|
|a TXAM
|c [6721]
|
| 050 |
|
0 |
|a PS1263
|b .A1 1882
|
| 092 |
|
|
|a 811
|b C33
|
| 100 |
1 |
|
|a Cary, Alice,
|d 1820-1871.
|
| 245 |
1 |
4 |
|a The poetical works /
|c of Alice and Phoebe Cary.
|
| 250 |
|
|
|a Household ed...
|
| 264 |
|
1 |
|a Boston ;
|a New York :
|b Houghton, Mifflin and company,
|c 1882.
|
| 300 |
|
|
|a 2 pages ., viii pages, 1 ., 341 pages :
|b 10 plates, 2 portrait (including frontispiece) ;
|c 21 cm.
|
| 336 |
|
|
|a text
|b txt
|2 rdacontent
|
| 337 |
|
|
|a unmediated
|b n
|2 rdamedia
|
| 338 |
|
|
|a volume
|b nc
|2 rdacarrier
|
| 700 |
1 |
|
|a Cary, Phoebe,
|d 1824-1871.
|
| 999 |
|
|
|a MARS
|
| 999 |
f |
f |
|s 4ea38100-b652-3ae0-be27-20aa07359dcc
|i b17865ef-3562-3efc-acea-4f2920b30b98
|t 0
|
| 952 |
f |
f |
|p ric
|a Texas A&M University
|b Rellis Campus
|c Joint Library Facility
|d Remote Storage
|t 0
|e PS1263 .A1 1882
|h Library of Congress classification
|i unmediated -- volume
|m A14801214057
|
| 998 |
f |
f |
|a PS1263 .A1 1882
|t 0
|l Remote Storage
|